000 00545nam a2200193 a 4500
001 1767241964394
003 YourLibrary
005 20260102133437.0
008 260101s2006##################000#0#eng##
020 _a9788128812132
082 0 4 _a294.561
_bSAI
100 1 _aSpencer, Minocher K.,
_eauthor.
245 1 0 _aRare Messages From Shri Shirdi Sai Baba As God :
260 _bDiamond Pocket Books (P) Ltd.,
_c2006.
300 _a108 pages
650 0 _aPhilosophy, Indic.
942 _cENGLISH
040 _aYourLibrary
_beng
_cYourLibrary
999 _c606586
_d606586